书目信息 |
| 题名: |
马克思收入分配理论中国化研究
|
|
| 作者: | 熊玉先, 著 | |
| 分册: | ||
| 出版信息: | 北京 中国社会科学出版社 2021.07 |
|
| 页数: | 238页 | |
| 开本: | 24cm | |
| 丛书名: | ||
| 单 册: | ||
| 中图分类: | A811.66 , F124.7 | |
| 科图分类: | ||
| 主题词: | 马克思主义--ma ke si zhu yi--收入分配--分配理论--研究--中国 | |
| 电子资源: | ||
| ISBN: | 978-7-5203-8633-3 | |
| 000 | 01194nam0 2200265 450 | |
| 001 | 2239989277 | |
| 005 | 20220915110644.88 | |
| 010 | @a978-7-5203-8633-3@dCNY88.00 | |
| 100 | @a20210824d2021 em y0chiy50 ea | |
| 101 | 0 | @achi |
| 102 | @aCN@b110000 | |
| 105 | @ay a 000yy | |
| 200 | 1 | @a马克思收入分配理论中国化研究@Ama ke si shou ru fen pei li lun zhong guo hua yan jiu@f熊玉先著 |
| 210 | @a北京@c中国社会科学出版社@d2021.07 | |
| 215 | @a238页@d24cm | |
| 300 | @a贵州财经大学科研项目配套及奖励基金资助 | |
| 314 | @a熊玉先, 贵州财经大学马克思主义学院副教授。 | |
| 320 | @a有书目 (第222-234页) | |
| 330 | @a本书从理论与现实两个视角探讨了马克思收入分配理论中国化需要解决的问题, 并提出了相应的政策措施。根据马克思主义政治经济学和西方发展经济学的发展现状, 结合中国特色社会主义政治经济学发展的实际, 系统论述了马克思收入分配理论中国化的理论贡献。最后, 回顾中华人民共和国成立以来马克思收入分配理论中国化的演变历程和实践探索, 总结其基本经验和教训。 | |
| 606 | 0 | @a马克思主义@Ama ke si zhu yi@x收入分配@x分配理论@x研究@y中国 |
| 690 | @aA811.66@v5 | |
| 690 | @aF124.7@v5 | |
| 701 | 0 | @a熊玉先,@Axiong yu xian@f1979-@4著 |
| 801 | 0 | @aCN@b人天书店@c20210824 |
| 905 | @aZUCC@dA811.66@e5 | |
| 马克思收入分配理论中国化研究/熊玉先著.-北京:中国社会科学出版社,2021.07 |
| 238页;24cm |
| 贵州财经大学科研项目配套及奖励基金资助 |
| ISBN 978-7-5203-8633-3:CNY88.00 |
| 本书从理论与现实两个视角探讨了马克思收入分配理论中国化需要解决的问题, 并提出了相应的政策措施。根据马克思主义政治经济学和西方发展经济学的发展现状, 结合中国特色社会主义政治经济学发展的实际, 系统论述了马克思收入分配理论中国化的理论贡献。最后, 回顾中华人民共和国成立以来马克思收入分配理论中国化的演变历程和实践探索, 总结其基本经验和教训。 |
| ● |
| 相关链接 |
|
|
|
正题名:马克思收入分配理论中国化研究
索取号:A811.66/5
 
预约/预借
| 序号 | 登录号 | 条形码 | 馆藏地/架位号 | 状态 | 备注 |
| 1 | 2000893919 | 2000893919 | 第三书库/ [索取号:A811.66/5] | 在馆 | |
| 2 | 2000893920 | 2000893920 | 第三书库/ [索取号:A811.66/5] | 在馆 | |
| 3 | 2000893921 | 2000893921 | 第三书库/ [索取号:A811.66/5] | 在馆 |